Statistics for Top 15 Countries with Covid-19 Cases - 10 Apr 2021

Click here to take the quiz!

General Stats

  • This quiz has been taken 639 times
  • The average score is 17 of 28

Answer Stats

country% Correct
United States
100%
Brazil
98%
United Kingdom
96%
France
93%
Italy
93%
India
91%
Spain
91%
Germany
90%
Russia
90%
Mexico
87%
Argentina
74%
Poland
69%
Sweden
64%
Colombia
62%
Turkey
62%
Netherlands
61%
Portugal
61%
Belgium
59%
Iran
59%
Czechia
44%
Hungary
35%
Serbia
31%
Israel
28%
Slovenia
28%
Estonia
18%
Lithuania
17%
Panama
9%
Bahrain
5%

Score Distribution

Percentile by Number Answered

Percent of People with Each Score

Your Score History

You have not taken this quiz